000 00270nam a2200121Ia 4500
008 191201s2008 xx 000 0 und d
100 _aMITTAL, Abha
245 0 _aMicro Economic
260 _aN. Delhi
_bTaxmann,s
_c2008
300 _a272
650 _aMBA
942 _2ddc
_cBK
999 _c207
_d207